| LDR | | 00000nam c2200205 c 4500 |
| 001 | | 000000324297 |
| 005 | | 20240611161020 |
| 007 | | ta |
| 008 | | 230906s2023 ggka r 000a kor |
| 020 | |
▼a 9788950994518
▼g 03320 :
▼c \20000 |
| 040 | |
▼a 248032
▼c 248032
▼d 248032 |
| 049 | 0 |
▼l EM108573
▼l EM108811
▼c 2
▼l EM108812
▼c 3 |
| 056 | |
▼a 189
▼2 4 |
| 090 | |
▼a 189
▼b 최68ㅍ5 |
| 245 | 20 |
▼a 프레임 :
▼b 나를 바꾸는 심리학의 지혜 /
▼d 최인철 지음 |
| 250 | |
▼a 5판 |
| 260 | |
▼a 파주 :
▼b 21세기북스 :
▼b 북이십일 21세기북스,
▼c 2023 |
| 300 | |
▼a 306 p. :
▼b 삽화 ;
▼c 23 cm |
| 490 | 10 |
▼a KI신서 ;
▼v 9608 |
| 504 | |
▼a 참고문헌(p. 298-306) 수록 |
| 653 | |
▼a 프레임
▼a 자기관리
▼a 자기계발
▼a 성공
▼a 심리학 |
| 700 | 1 |
▼a 최인철,
▼e 저 |
| 950 | 0 |
▼b \20000 |
| 990 | |
▼a 관리자2
▼b 관리자2 |